000
00191 a2200097 4500
001
7884
100
_a
Mayes, S
245
_a
Cyprus & makarios
260
_a
_b
Putnam
_c
090
_c
6328
_d
6328
942
_a
NUST-CAE
_c
M
_c
32854
999
_c
242957
_d
242957